Open Data Biblioteca Nacional de Portugal


República Portuguesa: Ministério da Cultura
Biblioteca Nacional de Portugal

Catálogo da BNP: acesso por Identificadores Unívocos
Registos Bibliográficos associados ao registo de autoridade

Etiqueta de registo: 00000nam 2200025 450
001 2280602
003 http://id.bnportugal.gov.pt/bib/catbnp/2280602
100 ## $a20260316d2025 k y0pory01030103ba
101 0# $apor$deng
102 ## $aPT
105 ## $aa m 000yy
106 ## $ar
200 1# $aLuto e pós-morte digital$eimplicações das tecnologias de comunicação póstuma$fIonara Talita Pereira da Silva$gorient. Ana Margarida Ferreira Rato Jorge
210 #9 $aLisboa$c[s.n.],$d2025
215 ## $a241p.$cil.$d30 cm
328 #1 $aTese dout. Ciências da Comunicação, Universidade Lusófona - Centro Universitário de Lisboa, 2025
675 ## $a316.77(043)$vBN$zpor$3601801
700 #1 $aSilva,$bIonara Talita Pereira da$31991605
702 #1 $aJorge,$bAna Margarida Ferreira Rato$4727$31400635
801 #0 $aPT$bBN$gRPC
966 ## $lBN$mFGMON$sS.C. 168873 V.$x1
971 ## $corlando$d20260316
972 ## $e0$z0$d20260413$vlrevez
973 ## $cigoulao$d20260407

OpendataBNP@bnportugal.pt | Mais informação sobre acesso aos dados BNP